01018nam a2200289 a 450000100060000000300090000600500170001500600150003200800410004702000150008803500150010304000280011804100130014604300160015909000110017510000200018624501310020626000550033730000260039249000640041865000330048270000410051594200120055694900110056899900150057995201340059426355CO-ViMGA20230915223420.0C00112535c - 6141112s2004 ck r 000 u spa d a9681654358 aAGR5983 LA aCO-ViMGAbspacCO-ViMGA aspa eng ae - uk - en aC FREc1 aFrench, Vivian.10aCapitana Jennifer Aguamala Jones / cVivian French ; ilustraciones de Damián Ortega ; traducción de María Teresa Solana. aMéxico : bFondo de Cultura Económica, c1997. a47 p. : il. ; 19 cm.0 aA la orilla del viento. para los que empiezan a leer ; 8814aCuentos infantiles ingleses.1 aOrtega, Damián, 1974 - , il.93461 2ddccBK an n c9898d9898 00102ddc40708001aMEVIGAELAbMEVIGAELAd2015-12-04h24/dic/2014l0oC FREcp27982r2015-12-04 00:00:00tEj. 1w2015-12-04yBK